[Event "Spring Arrival"]
[Site "SchemingMind.com"]
[Date "2017.04.27"]
[Round "-"]
[White "opageo"]
[Black "Janusz Szopa"]
[Result "0-1"]
[WhiteCountry "SCO"]
[BlackCountry "POL"]
[WhiteElo "2132"]
[WhiteRD "97"]
[BlackElo "2256"]
[BlackRD "74"]
[GameID "413171"]

1. d4 d5 2. Nf3 Nf6 3. Bg5 e6 4. e3 c5 5. c3 Nc6 6. Nbd2 Bd6 7. Bd3 O-O 8. O-O h6 9. Bh4 b6 10. Re1 Bb7
11. Qe2 Be7 12. dxc5 bxc5 13. e4 Rc8 14. Rad1 Qb6 15. exd5 exd5 16. Nf1 Rcd8 17. Ne3 Rfe8 18. Qc2 g5 19. Bg3 Bf8 20. b3 Ba6
21. Bxa6 Qxa6 22. h3 d4 23. Nc4 Rxe1+ 24. Rxe1 dxc3 25. Qxc3 Nd5 26. Qb2 Ndb4 27. Re2 Bg7 28. Qb1 Nd5 29. Qe1 Qc8 30. Nd6 Qd7
31. Re8+ Rxe8 32. Nxe8 Bh8 33. Nd6 Nd4 34. Nxd4 Bxd4 35. Qd1 Nc3 36. Qc2 Qe6 37. Kf1 Qf6 38. a3 Qe6 39. Bh2 h5 40. b4 cxb4
41. axb4 a6 42. Qd2 Bf6 43. Kg1 Bg7 44. Kh1 g4 45. hxg4 hxg4 46. Qc1 Ne2 47. Qc5 Bd4 48. Qg5+ Qg6 49. Qxg6+ fxg6 50. Ne4 Kf7
51. f3 gxf3 52. gxf3 Ke6 53. Kg2 Kd5 54. Kh3 Nc3 55. Nd6 Na2 56. b5 a5 57. Nc8 Nb4 58. Ne7+ Kc5 59. Bc7 a4
0-1

[Event "Spring Arrival"]
[Site "SchemingMind.com"]
[Date "2017.04.28"]
[Round "-"]
[White "Janusz Szopa"]
[Black "opageo"]
[Result "1-0"]
[WhiteCountry "POL"]
[BlackCountry "SCO"]
[WhiteElo "2236"]
[WhiteRD "71"]
[BlackElo "2158"]
[BlackRD "94"]
[GameID "413172"]

1. e4 c6 2. d4 d5 3. Nc3 dxe4 4. Nxe4 Nf6 5. Nxf6+ exf6 6. Bc4 Be7 7. Nf3 O-O 8. O-O Re8 9. c3 Bd6 10. h3 Be6
11. Bxe6 Rxe6 12. Be3 Na6 13. Qb3 Qc7 14. Rad1 b6 15. d5 cxd5 16. Nd4 Re5 17. Nb5 Qc6 18. Nxd6 Qxd6 19. Bf4 Nc7 20. Bxe5 fxe5
21. Rfe1 Re8 22. Qa4 a6 23. f4 Qc5+ 24. Kh2 b5 25. Qb4 Qxb4 26. cxb4 e4 27. f5 Kf8 28. Rc1 Re7 29. Rc6 Rd7 30. Kg3 Ke7
31. Kf4 Kd8 32. Rec1 h5 33. g4 h4 34. Ke3 Re7 35. g5 Rd7 36. Kd4 Re7 37. R1c3 Rd7 38. Rb6 Kc8 39. Rcc6 Re7 40. f6 gxf6
41. gxf6
1-0

[Event "Spring Arrival"]
[Site "SchemingMind.com"]
[Date "2017.04.27"]
[Round "-"]
[White "Mirta Crevani"]
[Black "Janusz Szopa"]
[Result "0-1"]
[WhiteCountry "ARG"]
[BlackCountry "POL"]
[WhiteElo "2158"]
[WhiteRD "72"]
[BlackElo "2236"]
[BlackRD "73"]
[GameID "413173"]

1. b4 e5 2. a3 d5 3. Bb2 a5 4. b5 Nd7 5. e3 Ngf6 6. c4 dxc4 7. Bxc4 Nb6 8. Ba2 Bd6 9. d3 O-O 10. Nf3 Qe7
11. O-O a4 12. Nc3 Be6 13. Bxe6 Qxe6 14. Qe2 Nfd7 15. Ng5 Qg6 16. Nge4 Be7 17. Ng3 Nc5 18. Rad1 Qe6 19. Nge4 f5 20. Nxc5 Bxc5
21. Rd2 Bd6 22. Qf3 e4 23. Qe2 exd3 24. Rxd3 Rae8 25. Qc2 Qb3 26. Rc1 Qxc2 27. Rxc2 Re5 28. Rd4 Rc5 29. g3 Ra8 30. Kg2 Kf7
31. Rc1 Ra5 32. e4 Nc4 33. Ba1 Nxa3 34. Rdd1 Nxb5
0-1

[Event "Spring Arrival"]
[Site "SchemingMind.com"]
[Date "2017.04.28"]
[Round "-"]
[White "Janusz Szopa"]
[Black "Mirta Crevani"]
[Result "1-0"]
[WhiteCountry "POL"]
[BlackCountry "ARG"]
[WhiteElo "2236"]
[WhiteRD "73"]
[BlackElo "2158"]
[BlackRD "72"]
[GameID "413174"]

1. e4 e6 2. d4 d5 3. Nc3 Nf6 4. Bg5 Be7 5. e5 Nfd7 6. Bxe7 Qxe7 7. f4 a6 8. Nf3 c5 9. dxc5 Nc6 10. Qd2 Nxc5
11. Qe3 b5 12. a3 Bb7 13. Be2 O-O 14. O-O Nd7 15. Rad1 Qd8 16. Bd3 Qb6 17. Qxb6 Nxb6 18. Ne2 Nc4 19. Bxc4 bxc4 20. Ned4 g6
21. b4 Kg7 22. c3 Ne7 23. a4 Bc6 24. Ra1 Rfb8 25. g4 Bd7 26. Kf2 h6 27. h4 Nc8 28. a5 Ne7 29. Rh1 Rh8 30. h5 Rab8
31. Kg3 Rhd8 32. Rh2 Rh8 33. hxg6 fxg6 34. b5 axb5 35. Nc2 Nc6 36. a6 h5 37. Nfd4 Nxd4 38. Nxd4 hxg4 39. Rxh8 Kxh8 40. a7 Ra8
41. Kxg4 Kg7 42. Kg5 Kf7 43. Ra6
1-0

[Event "Spring Arrival"]
[Site "SchemingMind.com"]
[Date "2017.04.27"]
[Round "-"]
[White "John Hamer"]
[Black "Janusz Szopa"]
[Result "1/2-1/2"]
[WhiteCountry "ENG"]
[BlackCountry "POL"]
[WhiteElo "1983"]
[WhiteRD "63"]
[BlackElo "2236"]
[BlackRD "71"]
[GameID "413175"]

1. d4 Nf6 2. c4 g6 3. Nf3 Bg7 4. Nc3 O-O 5. g3 d6 6. Bg2 Nbd7 7. O-O e5 8. e4 exd4 9. Nxd4 Nc5 10. h3 Re8
11. Re1 a5 12. Qc2 Nfd7 13. Be3 a4 14. Ndb5 Nb6 15. Rad1 Bd7 16. Ne2 Qc8 17. Nf4 Be5 18. h4 h5 19. Nd3 Bg4 20. Rd2 Nxd3
21. Rxd3 Nd7 22. f4 Bg7 23. Qd2 Be6 24. Rc1 Bg4 25. Bd4 Bxd4+ 26. Rxd4 Re7 27. f5 Kh7 28. Qg5 Re8 29. fxg6+ fxg6 30. Rd2 Ne5
31. c5 Qd7 32. cxd6 Qxb5 33. Rxc7+ Bd7 34. Rd5 Qxb2 35. Rxe5 Qd4+ 36. Kh2 Qxd6 37. Rec5 Rac8 38. e5 Qe6 39. Bd5 Qxd5 40. Rxd5 Rxc7
41. Qf4 Bf5 42. Qxa4 Rc2+ 43. Kg1 Rec8 44. Rd1 b5 45. Qa3 R8c7 46. Qb3 R2c3 47. Qxb5 Rxg3+ 48. Kf2 Rh3 49. Qd5 Rc2+ 50. Kf1 Rg3
51. Qf7+ Kh6 52. Qf8+=
1/2-1/2

[Event "Spring Arrival"]
[Site "SchemingMind.com"]
[Date "2017.04.28"]
[Round "-"]
[White "Janusz Szopa"]
[Black "John Hamer"]
[Result "1-0"]
[WhiteCountry "POL"]
[BlackCountry "ENG"]
[WhiteElo "2236"]
[WhiteRD "71"]
[BlackElo "1983"]
[BlackRD "63"]
[GameID "413176"]

1. e4 c6 2. d4 d5 3. Nc3 dxe4 4. Nxe4 Nd7 5. Bd3 Ngf6 6. c3 Nxe4 7. Bxe4 Nf6 8. Bd3 a5 9. h3 e6 10. Nf3 Bd6
11. O-O O-O 12. Bg5 Qc7 13. Re1 Nd5 14. c4 Nf4 15. c5 Be7 16. Bc2 Rd8 17. h4 Nd5 18. Ne5 g6 19. Bxe7 Qxe7 20. g3 Nb4
21. Bb1 f6 22. Nc4 Qg7 23. a3 Nd5 24. Qd2 a4 25. Bc2 Qc7 26. h5 gxh5 27. Re4 Bd7 28. Rae1 Kh8 29. Nd6 Rf8 30. Qh6 f5
31. Rh4 Rad8 32. Bxa4 Nf6 33. Bb3 Qa5 34. Re5 Qc7 35. Rxf5 exf5 36. Nf7+ Rxf7 37. Bxf7 Ng8 38. Qxh5
1-0

[Event "Spring Arrival"]
[Site "SchemingMind.com"]
[Date "2017.04.27"]
[Round "-"]
[White "Stephen Woodhouse"]
[Black "Janusz Szopa"]
[Result "0-1"]
[WhiteCountry "ENG"]
[BlackCountry "POL"]
[WhiteElo "1904"]
[WhiteRD "62"]
[BlackElo "2236"]
[BlackRD "71"]
[GameID "413177"]

1. e4 e6 2. d4 d5 3. Nd2 Nf6 4. e5 Nfd7 5. Bd3 c5 6. c3 Nc6 7. Ne2 cxd4 8. cxd4 f6 9. exf6 Nxf6 10. O-O Bd6
11. Nf3 Qc7 12. Bg5 O-O 13. Rc1 Qb6 14. b3 Bd7 15. Bb1 Rac8 16. Bh4 Ba3 17. Rc2 Ne4 18. Ng3 Nf6 19. Bxf6 Rxf6 20. Ne5 Qd8
21. Qd3 g6 22. Qe3 Nxe5 23. Rxc8 Bxc8 24. Qxe5 Bd6 25. Qe2 Rf8 26. Qe3 Bf4 27. Qd3 Qh4 28. Re1 Bc7 29. Rc1 Bb6 30. Rd1 Rf4
31. Rc1 Bd7 32. Nh1 Rxd4 33. Qc2 Qf4 34. g3 Qf3
0-1

[Event "Spring Arrival"]
[Site "SchemingMind.com"]
[Date "2017.04.27"]
[Round "-"]
[White "Janusz Szopa"]
[Black "Stephen Woodhouse"]
[Result "1-0"]
[WhiteCountry "POL"]
[BlackCountry "ENG"]
[WhiteElo "2214"]
[WhiteRD "74"]
[BlackElo "1846"]
[BlackRD "61"]
[GameID "413178"]

1. e4 e6 2. d4 d5 3. Nc3 Nf6 4. Bg5 dxe4 5. Nxe4 Be7 6. Bxf6 Bxf6 7. Nf3 O-O 8. Bc4 b6 9. Qe2 Bb7 10. Rd1 Bd5
11. O-O Bxc4 12. Qxc4 Nd7 13. d5 exd5 14. Rxd5 Qe7 15. Rfd1 Ne5 16. Nxf6+ gxf6 17. Nxe5 fxe5 18. Qg4+ Kh8 19. Rd7 Qc5 20. Qf5 f6
21. Qxh7#
1-0

[Event "Spring Arrival"]
[Site "SchemingMind.com"]
[Date "2017.04.28"]
[Round "-"]
[White "frankly"]
[Black "Janusz Szopa"]
[Result "1-0"]
[WhiteCountry "ENG"]
[BlackCountry "POL"]
[WhiteElo "2533"]
[WhiteRD "59"]
[BlackElo "2256"]
[BlackRD "74"]
[GameID "413179"]

1. e4 e6 2. d4 d5 3. Nc3 Bb4 4. e5 c5 5. a3 Bxc3+ 6. bxc3 Ne7 7. Bg5 O-O 8. Bd3 h6 9. Nh3 c4 10. Bxe7 Qxe7
11. Be2 b5 12. Qd2 Bd7 13. O-O a5 14. Nf4 Qg5 15. g3 Bc6 16. h4 Qe7 17. Ng2 Nd7 18. Ne3 f5 19. exf6 Rxf6 20. f4 Rff8
21. Ng4 Nf6 22. Ne5 Ne4 23. Qe1 Be8 24. Bg4 h5 25. Bf3 Nd6 26. Rf2 Qf6 27. Re2 Ra6 28. Bg2 Qf5 29. Rb1 a4 30. Kh2 Rb6
31. Bh3 Qf6 32. Nf3 Ne4 33. Rxe4 dxe4 34. Ne5 Qd8 35. Bg2 Rb8 36. Bxe4 Qd6 37. Rb4 Rf6 38. Kh1 Qc7 39. Kg2 Rd8 40. Kg1 Rb8
41. Qe3 Qd6 42. Qc1 Rc8= 43. Kg2 Rc7 44. Rb1 Rc8 45. Qb2 Qe7 46. Qb4 Qxb4 47. cxb4 Kf8 48. c3 Ke7 49. Re1 Kd6 50. Kf2 Rd8
51. Bc2 Ke7 52. Nf3 Rd6 53. Ng5 Bg6 54. Be4 Bf7 55. Bf3 Rf5 56. Bg2 Bg6 57. Re3 Bf7 58. Bh3 Rfd5 59. f5 Bg8 60. fxe6 Rd8
61. Kf3 Rf8+ 62. Ke4 Kd6 63. Rf3 Re8 64. Nf7+ Kc6 65. Ne5+ Kd6 66. Rf7 Bxf7 67. Nxf7+ Kc6 68. Ne5+ Kd6 69. Ng6 Kc6 70. Nf4 Rd7
71. Ke5 g6 72. Bg2+ Kc7 73. Be4
1-0

[Event "Spring Arrival"]
[Site "SchemingMind.com"]
[Date "2017.04.28"]
[Round "-"]
[White "Janusz Szopa"]
[Black "frankly"]
[Result "0-1"]
[WhiteCountry "POL"]
[BlackCountry "ENG"]
[WhiteElo "2214"]
[WhiteRD "74"]
[BlackElo "2531"]
[BlackRD "59"]
[GameID "413180"]

1. e4 e5 2. Nf3 Nc6 3. Bc4 Nf6 4. d4 exd4 5. O-O Nxe4 6. Re1 d5 7. Bxd5 Qxd5 8. Nc3 Qh5 9. Nxe4 Be6 10. Bg5 Bd6
11. Nxd6+ cxd6 12. Bf4 Qd5 13. c3 h6 14. Nxd4 Nxd4 15. b3 g5 16. Bg3 Rc8 17. cxd4 Kd7 18. Qe2 h5 19. h4 gxh4 20. Bxh4 Rhg8
21. f3 Rc3 22. Kf1 Bh3 23. gxh3 Qf5
0-1

[Event "Spring Arrival"]
[Site "SchemingMind.com"]
[Date "2017.04.27"]
[Round "-"]
[White "flyinduck"]
[Black "Janusz Szopa"]
[Result "0-1"]
[WhiteCountry "CAN"]
[BlackCountry "POL"]
[WhiteElo "2009"]
[WhiteRD "55"]
[BlackElo "2236"]
[BlackRD "71"]
[GameID "413181"]

1. e4 d6 2. d4 Nf6 3. Nc3 g6 4. Bg5 Bg7 5. Qd2 Nbd7 6. O-O-O c5 7. d5 a6 8. f3 b5 9. Nh3 b4 10. Ne2 Ne5
11. Neg1 a5 12. Nf2 a4 13. Kb1 Qa5 14. Be2 a3 15. b3 h6 16. Be3 Ned7 17. g4 Nb6 18. h4 Bb7 19. Ngh3 Nfd7 20. f4 Bc3
21. Qc1 f5 22. gxf5 gxf5 23. Bh5+ Kd8 24. Bf7 Nf6 25. Bd2 Bb2
0-1

[Event "Spring Arrival"]
[Site "SchemingMind.com"]
[Date "2017.04.28"]
[Round "-"]
[White "Janusz Szopa"]
[Black "flyinduck"]
[Result "1-0"]
[WhiteCountry "POL"]
[BlackCountry "CAN"]
[WhiteElo "2256"]
[WhiteRD "74"]
[BlackElo "2000"]
[BlackRD "61"]
[GameID "413182"]

1. e4 e5 2. Nf3 Nc6 3. Bc4 Bc5 4. c3 Nf6 5. d4 exd4 6. cxd4 Bb4+ 7. Bd2 Nxe4 8. Bxb4 Nxb4 9. Bxf7+ Kxf7 10. Qb3+ Kf8
11. Qxb4+ Qe7 12. Qxe7+ Kxe7 13. O-O Kd8 14. Re1 Nf6 15. Nc3 d6 16. Rac1 c6 17. Ng5 Rf8 18. d5 h6 19. Nge4 Nxe4 20. Nxe4 Kc7
21. Nc3 Kd8 22. b4 Bf5 23. Red1 Kd7 24. dxc6+ bxc6 25. Rd4 Rab8 26. Rcd1 Rf6 27. g4 Bh7 28. f4 Kc7 29. f5 d5 30. b5 Bg8
31. bxc6 Rxc6 32. Nxd5+ Bxd5 33. Rxd5 Rb2 34. Rd7+ Kb6 35. R1d6 Rxa2 36. Rxc6+ Kxc6 37. Rxg7 Kd5 38. h3 Ke4 39. Kf1 Kf3 40. Ke1 Ra1+
41. Kd2 Kg3 42. Ke2 Kxh3 43. f6 Ra6 44. Rg6 Kg3 45. Rxh6 Kxg4 46. f7 Rxh6 47. f8=Q Re6+ 48. Kd3 a6 49. Qf7 Rh6 50. Ke4 Rb6
51. Qf3+
1-0